Most Improved Player award winners - Statistics

General Stats
  • This quiz has been taken 3 times
  • The average score is 3 of 37
Answer Stats
Year Position Player % Correct
2017 F Giannis Antetokounmpo
67%
1997 C Isaac Austin
33%
2000 SG Jalen Rose
33%
2022 PG Ja Morant
33%
1989 G Kevin Johnson
33%
2013 G Paul George
33%
2001 SG Tracy Mcgrady
33%
2010 G Aaron Brooks
0%
1998 PF Alan Henderson
0%
1986 G Alvin Robertson
0%
2005 SF Bobby Simmons
0%
2006 C Boris Diaw
0%
2020 F Brandon Ingram
0%
2016 G CJ McCollum
0%
1987 G Dale Ellis
0%
1995 PG Dana Barros
0%
2009. SF Danny Granger
0%
1999 PG Darrel Armstrong
0%
1994 F Don Maclean
0%
1996 C Gheorghe Muresan
0%
2003 PG Gilbert Arenas
0%
2014 G Goran Dragic
0%
2008 SF Hedo Turkoglu
0%
2002 C Jermaine O'neal
0%
2015 G Jimmy Butler
0%
2021 Pf Julius Randle
0%
1988 C Kevin Duckworth
0%
2011 PF Kevin Love
0%
1993 G Mahmoud Abdul Rauf
0%
2007 SG Monta Ellis
0%
2019 F Pascal Siakam
0%
1992 F Pervis Ellison
0%
1990 C Rony Seikaly
0%
2012 PF Ryan Anderson
0%
1991 G Scott Skiles
0%
2018 G Victor Oladipo
0%
2004 F Zach Randolph
0%
No matching quizzes found
Score Distribution
Percent of People with Each Score
Percentile by Number Answered
Your Score History
You have not taken this quiz